Kurzes Linguistisches Propädeutikum zum Begriff "Sprache" und "Sprachwissenschaft"

Enregistré dans:
Détails bibliographiques
Auteur principal: Adamcová, Lívia
Format: Chapitre de livre
Langue:allemand
Sujets:
Tags: Ajouter un tag
Pas de tags, Soyez le premier à ajouter un tag!

MARC

LEADER 00000nla a2200000 4500
001 0158014
005 20240502072744.3
041 0 |a ger 
044 |a SK 
245 1 0 |a Kurzes Linguistisches Propädeutikum zum Begriff "Sprache" und "Sprachwissenschaft"  |c Lívia Adamcová 
610 2 0 |a jazyky cudzie 
610 2 0 |a jazykoveda 
610 2 0 |a nemčina 
100 1 |a Adamcová, Lívia